| 000 | 00000cam 2200000zi 4500 |
| 001 | 9.956928 |
| 003 | CaOODSP |
| 005 | 20251209155333 |
| 006 | m o d f |
| 007 | cr cn||||||||| |
| 008 | 251030t20252025onca os f000 0 fre d |
| 020 | |a9780660795577 |
| 040 | |aCaOODSP|bfre|erda|cCaOODSP |
| 043 | |an-cn--- |
| 086 | 1 |aCS11-627/2025-55F-PDF |
| 245 | 04|aLes auteurs présumés d’un crime vivant en région rurale et leurs contacts subséquents avec la police, 2014 à 2023. |
| 264 | 1|a[Ottawa] : |bStatistique Canada = Statistics Canada, |c[2025] |
| 264 | 4|c©2025 |
| 300 | |a1 ressource en ligne (1 page) : |billustrations |
| 336 | |atexte|btxt|2rdacontent/fre |
| 337 | |ainformatique|bc|2rdamedia/fre |
| 338 | |aressource en ligne|bcr|2rdacarrier/fre |
| 500 | |aTitre de départ. |
| 500 | |aPublié aussi en anglais sous le titre : Accused persons living in rural areas and their subsequent contacts with police, 2014 to 2023. |
| 650 | 6|aDélits ruraux|zCanada|vStatistiques. |
| 650 | 6|aLois|xApplication|zCanada|vStatistiques. |
| 655 | 7|aStatistiques|2rvmgf |
| 655 | 7|aInfographies|2rvmgf |
| 710 | 2 |aStatistique Canada, |eorganisme de publication. |
| 775 | 08|tAccused persons living in rural areas and their subsequent contacts with police, 2014 to 2023.|w(CaOODSP)9.956927 |
| 856 | 40|qPDF|s243 Ko|uhttps://publications.gc.ca/collections/collection_2025/statcan/11-627-m/11-627-m2025055-fra.pdf |
| 856 | 4 |qHTML|sS.O.|uhttps://www150.statcan.gc.ca/n1/pub/11-627-m/11-627-m2025055-fra.htm |